000
00406nam a22001337a 4500
020
_a
9789351116332
082
_a
070.4
100
_a
Sanoj Singh
245
_a
Outlines of journalism
260
_a
New delhi
_b
Random publications
_c
2015
300
_a
302p
942
_c
BK
999
_c
2740
_d
2740